[Event "Dresden zt 1.2"]
[Site "Dresden"]
[Date "1998.05.02"]
[Round "5"]
[White "Psakhis, Lev"]
[Black "Ekstroem, Roland"]
[Result "1-0"]
[WhiteElo "2565"]
[BlackElo "2490"]
[Annotator "Psakhis,L"]
[PlyCount "81"]
[EventDate "1998.04.28"]
[EventType "swiss"]
[EventRounds "11"]
[EventCountry "GER"]
[SourceTitle "CBM 065"]
[Source "ChessBase"]
[SourceDate "1998.08.06"]
[SourceVersion "1"]
[SourceVersionDate "1998.08.06"]
[SourceQuality "1"]

1. c4 {Hecht Ribli} Nf6 2. Nc3 e5 3. Nf3 Nc6 4. g3 g6 5. d4 (5. Bg2 {Ribli} Bg7
6. O-O O-O 7. d3 d6 8. Rb1 a5 9. a3 {Das ist eine andere (ruhige) Variante der
Englischen Eröffnung. Ribli.}) 5... exd4 6. Nxd4 Bg7 7. Nxc6 bxc6 {Ribli: Weiß
hat die bessere Bauernstruktur, aber die schwarzen Doppelbauern kontrollieren
die wichtigsten Zentrumspunkte.} (7... dxc6 {Ribli} 8. Qxd8+ Kxd8 9. e4 $14 {
Weiß hat eine "echte" Bauernmehrheit am Königsflügel, aber die schwarzen
Figuren stehen recht aktiv.}) 8. Bg2 O-O 9. O-O Rb8 (9... Re8 {Ribli} 10. Qa4 (
10. Bf4 Rb8 11. Qd2) 10... Bb7 11. Bf4 Qc8 12. Rad1 $16) 10. Qa4 {Ribli: Diese
Damenaufstellung ist unangenehm für Schwarz. Es ist für ihn jetzt nicht
einfach, seinen Damenläufer ins Spiel zu bringen.} a6 (10... Rb6 {Ribli} 11. c5
Rb7 12. Rb1 Qe7 13. Be3 h5 14. Qh4 Nd5 15. Bxd5 Qxh4 16. gxh4 cxd5 17. Nxd5 Re8
18. Bg5 Kf8 19. e3 Re5 20. Rfd1 c6 21. Nc3 $14 {Schwartzman,G-Micic,J/
Dortmund-D 1991/1/2-1/2 (46)}) 11. Qa5 (11. c5 {Dvoirys,S} Qe7 12. Qa5 (12. Qc4
Nd5 13. Nxd5 cxd5 14. Bxd5 Rb5 15. Be3 Bxb2 16. Rab1 Bf6 17. a4 Rxb1 18. Rxb1 {
0-1 Grebennikov,S-Burmakin,V/Leningrad 1990 (49)} (18. Rxb1 {Ribli} Bg5 19.
Bxg5 Qxg5 20. Rb8 Qf6 {Grebennikov,S-Burmakin,V/Leningrad 1990/0-1 (49)}))
12... Ne8 13. b3 (13. Rd1 d5 14. cxd6 Nxd6 15. Qc5 (15. Bxc6 $2 Nc4) 15... Nf5
16. Qxe7 Nxe7 17. e4 f5 18. Bg5 Kf7 19. Rab1 Be6 $13) 13... Qe5 14. Bb2 d5 15.
e4 $2 (15. e3 Nf6 16. Na4 Qe7 17. Bd4) 15... dxe4 16. Bxe4 Nd6 $1 $17 {0-1
Moutousis,K-Dvoirys,S/Biel (izt) 1993 (35)}) (11. Rd1 Qe7 (11... Bb7 12. c5 Qe7
13. Bf4 Rfc8 14. Qa5 Ne8 15. Bh3 f5 16. e4 g5 17. Be3 g4 18. Bg2 fxe4 19. Nxe4
d5 $13 {1-0 Sustr,J-Volman,V/CZE-chT1b 9697 1997 (55)}) 12. Qc2 Qb4 13. Na4 d5
14. Bd2 Qxc4 15. Qxc4 dxc4 16. Bxc6 Bf5 17. Bc3 Be4 18. Bxe4 Nxe4 19. Bxg7 Kxg7
20. Rd4 $16 {1/2-1/2 Vaulin,A-Kogan,A/Budapest FS12 GM 1994 (46)} (20. Rd4 {
Ribli} Nd6 21. Rd2 Rb4 22. Nc3 Rfb8 23. Nd1 f5 {Vaulin,A-Kogan,A/Budapest FS12
GM 1994/1/2-1/2 (46)})) (11. b3 Nd5 12. cxd5 Bxc3 13. Rb1 cxd5 14. Bxd5 c6 15.
Qf4 Rb5 16. Bf3 Rf5 17. Qe3 Bg7 18. Bb2 $14 {1/2-1/2 Kourkounakis,I-Pandavos,P/
GRE-ch 1994 (46)} (18. Bb2 {Ribli} Re8 19. Qd2 Qa5 20. Qxa5 Rxa5 21. Bxg7 Kxg7
22. Rb2 Rb5 23. Rd1 a5 {Kourkounakis,I-Pandavos,P/GRE-ch 1994/1/2-1/2 (46)}))
11... Bb7 {N} (11... Ne8 12. b3 c5 13. Ba3 d6 14. Rad1 Qe7 15. Nd5 Qxe2 16. Rd2
Qe5 17. Nxc7 $14 {1-0 Stefanov,P-Lebredo,G/Hradec Kralove 1981 (38)} (17. Nxc7
{Ribli} Qc3 18. Qxc3 Bxc3 19. Nxe8 Bxd2 20. Nf6+ Kg7 21. Bb2 Kh6 22. h4 Be6 23.
Rd1 Ba5 24. g4 $1 Kg7 25. g5 {1-0 Stefanov,P-Lebredo,G/Hradec Kralove 1981 (38)
})) 12. c5 (12. Rd1 $14 {[%csl Ga5,Gd1,Rd8,Gg2] Ribli Weiß übt starken
positionellen Druck am Damenflügel aus.} Qe7 $2 13. Qxc7 $16) 12... d6 (12...
Nd5 13. Nxd5 cxd5 14. Bf4 Rc8 15. Rad1 $16) 13. Rd1 Qe7 (13... d5 $6 {[%csl
Rb7] Ribli} 14. Bf4 $1 {[%csl Rc7]} (14. Be3 {Mit der Idee 15.Bd4 ist auch
interessant, denn der schwarze Läufer b7 steht jetzt besonders schlecht.})
14... Ne8 15. e4 $14 {[%cal Gd1d8]}) 14. Bf4 Nd5 (14... Rfd8 $5 $14) (14...
Rfd8 $5 {Ribli} 15. Rac1 $14) (14... dxc5 {Ribli} 15. Bxc7 $16 {[%cal Rc7d6,
Rc7b8,Rd6f8]}) 15. Nxd5 cxd5 16. cxd6 cxd6 17. Rd2 $1 {Ribli: Der positionelle
Vorteil des Weißen ist enorm. Für seine schwachen Bauern in der d-Linie hat
Schwarz keine Kompensation in Aussicht.} (17. Bxd5 $2 {Ribli} Bxd5 18. Rxd5
Qxe2 19. Bxd6 {[%cal Rd6f8,Rd6b8]} Rxb2 $15) 17... Rfd8 (17... Rfc8 18. Rad1
Rc5 19. Qb6 Rc6 20. Qa7 Ra8 21. Qe3 $16) 18. Rc1 {Ribli: Es droht die
Verdoppelung der Türme in der c-Linie.} Rbc8 19. Rdc2 Rxc2 (19... Rc5 20. Rxc5
dxc5 21. Rxc5 (21. Qxc5 Qxc5 (21... Qxe2 22. Qc7 Rc8 23. Qxb7 Rxc1+ 24. Bxc1
Qe1+ 25. Bf1 Qxc1 26. Qa8+ Bf8 27. Qxd5 $14) 22. Rxc5 Bxb2 23. Rc7 Bc8 (23...
Ba8 24. Ra7) 24. Bxd5 Rxd5 25. Rxc8+ Kg7 26. Rc4 g5 27. Be3 h5 28. h3 $16)
21... Bxb2 22. Rc7 Rd7 23. Qb6 Rxc7 24. Bxc7 Bc8 (24... Bd4 25. Qxb7 Qxe2 26.
h4 Bxf2+ 27. Kh2 Qxa2 28. Qc8+ Kg7 29. Be5+ f6 30. Qc7+ Kh6 31. Bxf6 $18) 25.
Bd6 Qd7 26. Bh3 $1 f5 27. Bg2 $18) 20. Rxc2 Rc8 (20... Be5 21. Rc7 Rd7 22. Bg5
$1 Qe6 (22... Qe8 23. Qa4 $18) 23. Rxb7 Rxb7 24. Bxd5 $18) 21. Rxc8+ Bxc8 22.
Qb6 $1 {Ribli: Die Dame steht ausgezeichnet auf b6. Sie verteidigt den eigenen
Bauern b2 und übt Druck gegen den Pd6 aus.} Bf8 (22... h5 23. Qb8 Qb7 24. Qxd6
Be6 25. Be5 $18) (22... Qxe2 {Ribli} 23. Qd8+ Bf8 24. Qxc8 Qe1+ 25. Bf1 $18)
23. Qb8 $1 (23. Bxd5 $1 Qxe2 24. Bxf7+ Kxf7 25. Qc7+ Kg8 26. Qxc8 Qd1+ 27. Kg2
Qd5+ 28. f3 Qxa2 29. Bxd6 Qxb2+ 30. Kh3 Qf6 $11) 23... Bg4 (23... Be6 {Ribli}
24. Bh6 $16) 24. Bh6 {Ribli: Diese Fesselung ist tödlich.} (24. Bxd5 $6 {Ribli}
Bxe2 $14) 24... Bxe2 25. Bf1 $1 {Ribli: Sehr präzise gespielt. Schwarz kann
die Fesselung auf seiner Grundreihe nicht auflösen und wird in ein verlorenes
Bauernendspiel gezwungen.} (25. Bxd5 Bb5 26. Kg2 Qe8 27. Qxe8 Bxe8 28. Bxf8
Kxf8 29. b4 $14) 25... Bxf1 (25... Bc4 26. b3) (25... Bf3 {Ribli} 26. Bxa6 $16
{[%csl Ga2,Gb2] und die beiden entfernten Freibauern bieten dem Weißen
ausgezeichnete Gewinnchancen.}) 26. Kxf1 d4 (26... a5 27. Qa8 a4 28. b4 $1) (
26... f6 {Ribli} 27. Qa8 {[%csl Ra6,Ga8,Rd5][%cal Ra8d5,Ra8a6]} Qf7 28. Ke2 $16
) 27. Qxf8+ $1 (27. b4 d3 28. Qxf8+ Qxf8 29. Bxf8 Kxf8 30. Ke1 Ke7 31. Kd2 Ke6
32. Kxd3 Kd5 33. a4) 27... Qxf8 28. Bxf8 Kxf8 {Hecht After picking up the pawn
on d4, White wins due to his outside passed pawn on the queenside. Nach
Abholen des Bd4 gewinnt Weiß infolge des entfernten Freibauern am Damenflügel.}
29. Ke2 $18 Ke7 30. Kd3 Kd7 31. Kxd4 {Ribli: Weiß hat die bessere
Königsstellung und kann sich einen entfernten Freibauern bilden. Sein
Gewinnplan ist dann einfach: Weiß kann mit dem König in den schwarzen
Königsflügel eindringen und dort die Bauern abholen, während sich der schwarze
König um den entfernten Freibauern kümmern muß.} Kc6 32. b3 h5 (32... a5 {Ribli
} 33. a3 $16) 33. h4 f6 34. f3 g5 (34... d5 {Ribli} 35. g4 hxg4 (35... Kd6 36.
gxh5 gxh5 37. f4 Kc6 38. f5 Kd6 39. b4 Kc6 40. a4 Kd6 41. b5 axb5 42. axb5 $18)
36. fxg4 $18 {[%csl Gg4,Gh4][%cal Rh4h5,Rh5h6,Rh6h7,Rh7h8]}) 35. f4 g4 (35...
gxf4 {Ribli} 36. gxf4 f5 37. Kc4 $1 $16 {Weiß muß sich mit 37.b4 nicht beeilen.
} (37. b4 Kb5 38. Kd5 Kxb4 39. Kxd6 Ka3 40. Ke5 Kxa2 41. Kxf5 a5 42. Kg5 a4 43.
f5 Kb3 $1 (43... Kb2 $2 44. f6 a3 45. f7 a2 46. f8=Q a1=Q 47. Qf6+ Ka2 48.
Qxa1+ Kxa1 49. Kxh5 $18) 44. f6 a3 45. f7 a2 46. f8=Q a1=Q 47. Kxh5 $16) 37...
d5+ 38. Kd4 Kd6 39. b4 Kc6 40. a4 Kd6 41. b5 axb5 42. axb5 $18) 36. f5 Kb5 (
36... a5 37. a3 d5 38. b4 a4 39. b5+ Kb6 40. Kxd5 Kxb5 41. Ke6 Kc4 42. Kxf6 Kb3
43. Kg5 $18) 37. Kd5 {Ribli: und Weiß gewinnt dank des eingedrungenen Königs
leicht.} Kb4 38. Kxd6 Ka3 39. Ke6 Kxa2 40. Kxf6 Kxb3 41. Kg5 (41. Kg5 {Ribli}
a5 42. f6 a4 43. f7 a3 44. f8=Q $18) 1-0

[Event "Moscow Aeroflot op"]
[Site "Moscow"]
[Date "2002.02.07"]
[Round "5"]
[White "Psakhis, Lev"]
[Black "Bartel, Mateusz"]
[Result "1-0"]
[WhiteElo "2572"]
[BlackElo "2413"]
[Annotator "Psakhis,L"]
[PlyCount "63"]
[EventDate "2002.02.04"]
[EventType "swiss"]
[EventRounds "9"]
[EventCountry "RUS"]
[SourceTitle "CBM 088"]
[Source "ChessBase"]
[SourceDate "2002.03.21"]
[SourceVersion "1"]
[SourceVersionDate "2002.03.21"]
[SourceQuality "1"]

1. c4 {Ribli} e5 2. Nc3 Nc6 3. Nf3 g6 {Ribli: 'Dieser Zug wird selten gespielt.
Es ist meiner Meinung nach auch in der Tat nicht die beste Fortsetzung für
Schwarz. 3...Nf6 erscheint mir viel natürlicher. '} 4. d4 {Ribli: 'Das ist
eindeutig die stärkste Fortsetzung Nach 4.g3 Bg7 wäre für Schwarz alles in
Ordnung.'} exd4 5. Nxd4 Bg7 6. Nxc6 bxc6 7. g3 {Ribli: 'Weiß entwickelt seinen
Königsläufer - wie Schwarz - auf der großen Diagonale. Der Bg2 wird in der
Folge sehr stark und verhindert die normale Entwicklung des schwarzen
Damenflügels.'} Nf6 (7... Ne7 {Das wäre die Alternative, mit dem Plan 7...Qe7,
8...Qe6, 9...Ne7.} 8. Bg2 O-O 9. O-O Rb8 10. Qd2 Ba6 11. Rd1 (11. b3 d5 12.
cxd5 Nxd5 13. Nxd5 cxd5 (13... Bxa1 14. Ba3 cxd5 15. Bxf8 $11) 14. Bb2 Bxb2 15.
Qxb2 Re8 $11) 11... Bxc4 (11... d6 12. b3 d5 13. Bb2 dxc4 14. Qe3 $14) 12. Qxd7
Qxd7 13. Rxd7 $14) 8. Bg2 O-O 9. O-O {Ribli: 'Weiß kontrolliert mehr Raum, und
seine Stellung ist gesund. Schwarz hingegen sieht sich vor Problemen bei der
Entwicklung des Bc8.'} Rb8 (9... Re8 10. Bf4 Rb8 11. Qd2 $14 (11. Rb1 $14)) 10.
Qa4 {Ribli: 'Die Dame kann sich mit Tempo entwickeln, denn jetzt hängt der Pa7.
'} a6 (10... Rb6 11. c5 Rb7 12. Rb1 Qe7 13. Be3 h5 14. Qh4 Nd5 15. Bxd5 Qxh4
16. gxh4 cxd5 17. Nxd5 Re8 18. Bg5 Kf8 19. e3 Re5 20. Rfd1 c6 21. Nc3 $14 {
Schwartzman,G-Micic,J/Dortmund-D 1991/1/2-1/2 (46)}) 11. Qa5 (11. c5 Qe7 12.
Qa5 Ne8 13. b3 Qe5 14. Bb2 d5 15. e4 $2 (15. e3 Nf6 16. Na4 Qe7 17. Bd4) 15...
dxe4 16. Bxe4 Nd6 $1 $17 {0-1 Moutousis,K-Dvoirys,S/Biel (izt) 1993 (35)}) (11.
Rd1) 11... Bb7 (11... Re8 12. b3 Bb7 13. Bf4 (13. Bb2 d6 14. e3 Nd7 $14) 13...
d6 14. Rac1 Nd7 15. Rc2 Nc5 16. Bc1 Ne6 17. e3 Qg5 18. Qxg5 Nxg5 19. c5 d5 $13
{Yakovich,Y-Riazantsev,A/RUS-ch Samara 2000/The Week in Chess 294/1/2-1/2 (45)}
) (11... Ne8 12. b3 c5 13. Ba3 d6 14. Rad1 Qe7 15. Nd5 Qxe2 16. Rd2 Qe5 17.
Nxc7 $14 {1-0 Stefanov,P-Lebredo,G/Hradec Kralove 1981 (38)}) 12. Bf4 $146 {
'!?' Ribli. To be honest I was curious how Black will equalize after Ribli:
'Mit dem Textzug verbessert GM Psakhis seine frühere Spielweise.'} (12. c5 $5 {
move which I successfully used few years ago -} d6 13. Rd1 Qe7 14. Bf4 Nd5 (
14... Rfd8 $5 15. Rac1 $14) 15. Nxd5 cxd5 16. cxd6 cxd6 17. Rd2 Rfd8 18. Rc1
Rbc8 19. Rdc2 $16 {Psakhis,L-Ekstroem,R/Dresden zt 1998/CBM 65/[Psakhis,L]/1-0
(41) but , little bit cowardly decided to choose another line}) 12... d6 13. c5
$1 {'+/=' Ribli. Ribli: 'Die weiße Drohung ist 14.Rfd1 - Schwarz hat eine
schlechte Bauernstruktur am Damenflügel, und sein Bb7 steht auch sehr passiv.'}
(13. Rad1 c5 $13) 13... Nh5 {Ribli: 'Schwarz verjagt den Bf4 und kann
anschließend d6-d5 ziehen.'} (13... Qe7 14. Rfd1 Rfd8 15. Rd3 $14) 14. Be3 d5 {
Ribli: 'Jetzt hat Schwarz zwar einen starken Pd5 im Zentrum, und auch der Bg7
wirkt gut. Aber es ist nicht leicht für Schwarz, das Problem seines
weißfeldrigen Läufers zu lösen.'} (14... Re8 $5) 15. Rad1 f5 {[%cal Gf5f4]
Ribli: 'Schwarz sucht am Königsflügel nach Gegenspiel.'} (15... Bc8 16. b3) 16.
Bd4 {Ribli: 'Das ist eine gute strategische Idee - Weiß tauscht die beste
schwarze Figur ab.'} (16. Bf3 $5 f4 17. Bc1 $14) (16. f4 $2 Qe7 17. Bf2 (17.
Bd4 $4 Bxd4+ 18. Rxd4 Qe3+ $19) 17... Nf6 $15) 16... Bxd4 17. Rxd4 f4 {Ribli:
'Die einzige Chance für Schwarz - sonst spielt Weiß e2-e3, und Schwarz findet
sich in einer sehr passiven Stellung wieder.'} (17... Qe7 18. e3 $14) 18. Rb4
$5 {Ribli: 'Schwarz muss jetzt mit Rxb7, Qxa6 und Qxc6 rechnen.'} Ba8 19. Rxb8
Qxb8 20. b3 {Ribli: 'Natürlich muss Weiß seinen b-Bauern verteidigen. In der
aktuellen Brettstellung hat Weiß positionellen Vorteil, denn Ba8 steht sehr
passiv, und die weiße Bauernstruktur ist gesund.'} Bb7 21. Qb4 $1 {Ribli: 'In
solchen Stellungen sage ich: " Der Mohr hat seine Schuldigkeit getan, der Mohr
kann gehen" - die Dame stand nun nicht mehr gut auf a5, sie strebt nun das
Feld d4 an.'} Qa8 {Ribli: 'Schwarz kann nicht 21...Bc8 spielen, denn dann
hängt die Dame auf b8. Der Textzug ist auch sehr passiv. '} (21... Ba8 22. Qxb8
Rxb8 23. e4 $1 fxe3 24. fxe3 $16 {[%cal Ge3e4]}) 22. Qd4 {Ribli: 'Von hier aus
dominiert die weiße Dame das Brett.'} (22. Re1 $5 {[%cal Ge2e4]}) 22... Qe8 (
22... Bc8 $2 23. Nxd5 $18) 23. Re1 $1 {Finally I decided to explore correct
plan} Ng7 {Ribli: 'Endlich bringt Schwarz seinen Springer zurück ins Spiel.'} (
23... Qf7 $5 24. e4 fxe3 25. Qxe3 Ng7) (23... Bc8 24. e4 $16) 24. e4 {'!'
Ribli. Ribli: 'Es droht 25.Qd2, wonach Schwarz mit exd5 rechnen muss. Die
schwarze Stellung ist weiterhin passiv und ohne Gegenspiel.'} Ne6 {'?' Ribli.}
({Worth considering} 24... fxe3 $5 25. Rxe3 Nf5 $5 26. Rxe8 Nxd4 $14 27. Re3
$14) 25. Qb4 Qf7 $6 (25... d4 $142 26. Qxb7 dxc3 (26... Nxc5 $2 27. Qb4) 27.
Qb4 Qf7 28. Qxc3 fxg3 29. fxg3 $16) 26. exd5 $1 (26. Qxb7 $2 fxg3 27. Rf1 gxh2+
28. Kh1 Nf4 $132) 26... fxg3 (26... cxd5 27. Qxb7 fxg3 28. Kh1 $5 (28. Rxe6 $5
gxh2+ 29. Kh1 Qxf2 30. Ne2 Qe1+ 31. Kxh2 Qh4+ 32. Bh3 Rf2+ 33. Kg1 $18) 28...
gxf2 29. Rf1 $18) 27. Rxe6 $1 $18 Qxf2+ (27... gxf2+ 28. Kf1 Qf5 29. Qe4 Qg5
30. Qe2 $18) 28. Kh1 gxh2 (28... Qd2 29. hxg3 $8 Qh6+ 30. Kg1 Qc1+ 31. Kh2 Qh6+
32. Qh4 $18) 29. Ne2 {End is close now} Bc8 30. Re7 Qf6 31. d6 cxd6 32. cxd6
1-0

[Event "FIDE World Cup"]
[Site "Tbilisi"]
[Date "2017.09.07"]
[Round "2.2"]
[White "Dubov, Daniil"]
[Black "Karjakin, Sergey"]
[Result "1-0"]
[WhiteElo "2666"]
[BlackElo "2773"]
[Annotator "Quintiliano,R"]
[PlyCount "61"]
[EventDate "2017.09.03"]
[EventType "k.o."]
[EventRounds "7"]
[EventCountry "GEO"]
[SourceTitle "CBM 181"]
[Source "ChessBase"]
[SourceDate "2017.11.10"]
[SourceVersion "1"]
[SourceVersionDate "2017.11.10"]
[SourceQuality "1"]

1. c4 Nf6 2. Nc3 e5 3. Nf3 Nc6 4. g3 d5 5. cxd5 Nxd5 6. Bg2 Bc5 $5 {This move
is becoming fashionable after Grischuk used it to surprise Eljanov earlier
this year.} 7. O-O (7. Nxe5 {fails to give advantage for White} Nxc3 8. bxc3 (
8. Nxc6 $2 Qf6 $18) 8... Nxe5 9. d4 Bd6 10. dxe5 Bxe5 $11) 7... O-O 8. d3 (8.
Nxe5 {still doesn't work} Nxc3 9. bxc3 (9. Nxc6 Nxd1 10. Nxd8 Bxf2+ $1) 9...
Nxe5 10. d4 Bd6 11. dxe5 Bxe5 $11) ({but an expert in the English found a
subtle and tricky idea} 8. Nxd5 Qxd5 9. Ng5 $5 Qd8 $6 (9... Qc4 $1 10. b3 Qg4
11. d3 Nd4 $11) 10. Nxh7 $1 {of course this blow caught Black off-guard} Re8 (
10... Kxh7 11. Qc2+ Kg8 12. Qxc5 $16) 11. Ng5 $1 Qxg5 12. Bxc6 $1 (12. d4 Qh5
13. dxc5 Rd8 $132 {[%cal Gc6d4]}) 12... bxc6 13. d4 Qh5 14. dxc5 $14 {Aronian,
L (2799)-Caruana,F (2807) Saint Louis Rapid 2017 (6.2) 1-0}) 8... Bb6 9. Nxd5 (
{Grischuk's game went} 9. Na4 Re8 10. Bg5 Qd6 11. Nd2 Qg6 $1 12. Ne4 Bg4 13. h3
Be6 14. Bd2 Rad8 {Dubov,D (2666)-Karjakin,S (2773) FIDE World Cup 2017 (2.2)
1-0 and Black is already fine}) 9... Qxd5 10. b4 $5 {Dubov came well prepared
to this encounter, as this looks to be the critical test for Black's setup.} e4
(10... Nxb4 11. Bb2 {[%cal Yf3e5] looks favourable for White} e4 12. Nd2 Qh5
13. Bxe4 {[%cal Yd2c4]}) ({Dubov's play impressed me, but in modern days of
opening preparation this doesn't last long, and on the next day of the same
tournament, Wang Hao showed Black's antidote} 10... a5 $1 11. bxa5 (11. Bb2 e4
$1 12. Nd2 axb4 13. Bxe4 Qh5 $11 {[%csl Ya8] to have the a-file open makes all
the difference}) 11... Nxa5 12. Qc2 $2 ({A better move is} 12. Bb2 f6 {but not}
13. Nxe5 $2 Qb5 $1 {[%csl Gb2,Ge5]}) 12... Nb3 $1 13. Rb1 Nxc1 14. Rfxc1 Rxa2
$15 {Gelfand,B (2729)-Wang Hao (2702) FIDE World Cup 2017 (2.3) 0-1}) 11. Ng5
Qd4 $1 12. Ba3 $1 $146 {[%cal Ga3f8,Yb4b5] The position was not unknown to
Karjakin until here, but Dubov found this nice improvement which puts Black
under pressure.} (12. Be3 Qxb4 13. Nxe4 Bxe3 14. fxe3 Qe7 15. Qd2 Ne5 16. Rac1
c6 $11 {Nakamura,H (2792)-Karjakin,S (2773) Saint Louis Blitz 2017 (16.3) 1-0})
12... e3 $1 {Black is already facing a difficult choice, but Karjakin finds
the better practical one.} (12... Nxb4 {looks risky} 13. e3 Qc5 (13... Qc3 14.
Qa4 c5 15. Nxe4 Qxd3 16. Nxc5 $1 Bxc5 17. Bxb4 Bxb4 18. Qxb4 a5 19. Qb2 $16 {
[%csl Yb7] Black is undeveloped and the pressure against b7 is quite annoying})
14. Nxe4 Qa5 15. Bb2 $16 {although nothing specially dangerous is apparent,
White has the better pawn structure, and Black's pieces are badly placed,
which is enough to put him in trouble, for example} Be6 16. Bc3 Qa3 17. Qh5 $1
{[%cal Ge4g5,Ge4f6]} f6 (17... Nd5 {loses a pawn} 18. Ng5 h6 19. Nxe6 fxe6 20.
Bxd5 exd5 21. Qxd5+) 18. Bxb4 Qxb4 19. a4 $1 a5 20. Rfb1 Qe7 21. Nc3 $16 {
[%csl Yb7][%cal Gc3d5] besides the pressure on b7, after a proper d4 the Bb6
is out of play.}) (12... exd3 $5 13. b5 Nb4 $2 (13... Ne5 $1 14. Bxf8 Bg4 $3 {
maybe is the right path to equality, but is extremely difficult to find} 15.
Bxg7 $1 Kxg7 16. Nf3 Nxf3+ 17. exf3 Bf5 18. Qd2 Bc5 19. Rac1 b6 $44 {Black's
compensation should be enough here}) 14. Rb1 dxe2 (14... Nxa2 $2 15. Bxf8 Nc3
16. e3 $1 Qf6 17. Qxd3 {[%csl Gh7]} Bf5 18. Ne4 Bxe4 19. Bxe4 Nxb1 20. Bb4 $1
$18 {[%csl Rb1]}) 15. Qxe2 Bg4 16. Qe4 $1 Qxe4 17. Bxe4 Nxa2 18. Bxh7+ Kh8 19.
Bxf8 $16) 13. b5 exf2+ 14. Kh1 Ne5 15. Bxf8 Kxf8 {Black's position seems to
offer good compensation, with the f2-pawn being very annoying and ideas like
Ng4-e3 available; White should be careful.} 16. a4 $1 {[%cal Ya4a5,Ya5a6,Ga1a4]
Played very quickly, which made me wonder during the game if this was still
Dubov's preparation, but the concept is very clear and important: White can't
allow the rapid mobilisation of Black's pieces, so he looks for active ideas
and direct threats.} a5 17. bxa6 Rxa6 18. a5 $1 Ba7 $2 (18... Rxa5 {was
possible:} 19. Nxh7+ Kg8 20. Rxa5 Bxa5 21. Ng5 Be1 22. Qc1 c6 23. Ne4 Bf5 {
White has a good tactical idea here} (23... Ng4 24. Qf4 Ne3 25. Qb8 $1 {
[%cal Ye4d6]}) 24. Nxf2 $1 Bxf2 25. Qf4 $1 {regaining the piece, but after}
Qxf4 26. gxf4 Nxd3 $1 27. exd3 Be3 28. Rb1 Bxf4 (28... Bxd3 $2 29. Rb3) 29.
Rxb7 Bxd3 30. Bxc6 g5 $14 {this is probably a draw.}) (18... Bxa5 $6 19. Ra4
Bb4 (19... Qb2 20. Rxf2) 20. Nxh7+ Kg8 21. Ng5 Ng4 22. Qb3 {[%csl Rb4,Rf7]} Qf6
23. Nxf7 $1 Be6 24. Qxb4 Rxa4 25. Qxa4 Kxf7 26. Qa7 $18) 19. Qc1 {[%csl Yc7]
White saves important time while improving his pieces at the same time.} Qd8 (
19... c6 {[%csl Ga6] this move is ugly as now the rook stays out of play} 20.
Nxh7+ Kg8 21. Ng5 Ng4 22. Bh3 $1 {keeping everything under control.}) 20. Qf4
$1 (20. Nxh7+ $2 Kg8 21. Ng5 Ng4 $1 {[%cal Ga7e3,Ya6h6] is a variation that
shows how dangerous it might be to go for material in positions where one is
behind in development.}) 20... h6 21. Ne4 (21. Qxe5 hxg5 $11) 21... Qe7 22. Nc3
$16 {[%cal Gc3d5] Thanks to skillful manoeuvres, Dubov has managed to organise
his pieces and to prevent active ideas and counterplay for Black.} g5 $6 {
Such a move is a clear sign that Black's position is unpleasant.} (22... Rf6 {
fails to} 23. Nd5 $1 Rxf4 24. Nxe7 $18 {[%csl Rc8,Rf4]}) (22... c6 {[%csl Ya6]
This was necessary, but almost depressing as the rook is again out of play} 23.
Ne4 Ng4 24. Bh3 {and White is winning the f2 pawn by force} g5 25. Qf3 h5 26.
e3 Kg7 27. Bxg4 hxg4 28. Qxf2 $16) 23. Qc1 {The queen retreats, but in a much
better situation.} Ng4 $2 (23... c6 24. Nd5 $1 Qd8 25. Nb6 $1 {[%csl Yf2]}) (
23... Qd8 24. Nb5 Bb8 25. Rxf2 $16) 24. Nd5 $18 {White don't have any trouble
to realise his advantage now.} Qxe2 25. Qxc7 Rc6 26. Qd8+ Qe8 27. Qxe8+ Kxe8
28. d4 $1 {Very precise.} Kd8 (28... Bxd4 29. Ra4 Ba7 30. Nb6 $1 Rc2 31. Nxc8
Rxc8 32. Rxg4 $18) 29. h3 Nf6 30. Nb6 Rc2 31. Nxc8 {Black is not able to avoid
the trade of rooks and the subsequent loss of the f2-pawn. An impressive
performance by Dubov, who showed excellent opening preparation and a fine
sense for what the position required.} 1-0